The Golden Fleece and the heroes who lived before Achilles / (Record no. 8759)
[ view plain ]
| 000 -LEADER | |
|---|---|
| fixed length control field | 00645nam a22001937a 4500 |
| 003 - CONTROL NUMBER IDENTIFIER | |
| control field | OSt |
| 005 - DATE AND TIME OF LATEST TRANSACTION | |
| control field | 20140310182039.0 |
| 008 - FIXED-LENGTH DATA ELEMENTS--GENERAL INFORMATION | |
| fixed length control field | 130815t xxu||||| |||| 00| 0 eng d |
| 020 ## - INTERNATIONAL STANDARD BOOK NUMBER | |
| International Standard Book Number | 0590436848 |
| 050 ## - LIBRARY OF CONGRESS CALL NUMBER | |
| Classification number | BL 820 |
| Item number | .C726 1990 |
| 082 ## - DEWEY DECIMAL CLASSIFICATION NUMBER | |
| Classification number | HS 292.13 |
| Item number | C72 1921 |
| 245 ## - TITLE STATEMENT | |
| Title | The Golden Fleece and the heroes who lived before Achilles / |
| Statement of responsibility, etc | Padriac Colum ; inside illustrations by Willy Pogany. |
| 260 ## - PUBLICATION, DISTRIBUTION, ETC. (IMPRINT) | |
| Place of publication, distribution, etc | New York : |
| Name of publisher, distributor, etc | Scholastic, |
| Date of publication, distribution, etc | c1921 |
| 300 ## - PHYSICAL DESCRIPTION | |
| Extent | 316 p. ; |
| Other physical details | ill. ; |
| Dimensions | 20 cm. |
| 648 ## - SUBJECT ADDED ENTRY--CHRONOLOGICAL TERM | |
| Chronological term | Argonauts (Greek mythology) |
| General subdivision | Juvenile literature |
| 9 (RLIN) | 11015 |
| 648 ## - SUBJECT ADDED ENTRY--CHRONOLOGICAL TERM | |
| Chronological term | Mythology, Greek |
| General subdivision | Juvenile literature |
| 9 (RLIN) | 11016 |
| 942 ## - ADDED ENTRY ELEMENTS (KOHA) | |
| Source of classification or shelving scheme | Library of Congress Classification |
| Withdrawn status | Lost status | Source of classification or shelving scheme | Damaged status | Home library | Current library | Shelving location | Date acquired | Total Checkouts | Full call number | Barcode | Date last seen | Copy number | Price effective from | Koha item type |
|---|---|---|---|---|---|---|---|---|---|---|---|---|---|---|
| Library of Congress Classification | Luxembourg Library | Luxembourg Library | High School Section | 08/15/2013 | BL 820 .C726 1990 | 2731 | 06/13/2017 | 1 | 08/15/2013 | Books |